Stochastic approximation and recursive algorithms and applications
Na minha lista:
| Autor principal: | |
|---|---|
| Outros Autores: | |
| Formato: | Livro |
| Idioma: | inglês |
| Publicado em: |
New York
Springer
2003
|
| Edição: | 2nd ed. |
| Colecção: | Applications of mathematics
35 |
| Assuntos: | |
| Tags: |
Sem tags, seja o primeiro a adicionar uma tag!
|
MARC
| LEADER | 00000nam a2200000 4500 | ||
|---|---|---|---|
| 001 | 0178331 | ||
| 005 | 20240306135339.9 | ||
| 020 | |a 978-0-387-00894-3 | ||
| 041 | 0 | |a eng | |
| 044 | |a US | ||
| 245 | 1 | 0 | |a Stochastic approximation and recursive algorithms and applications |c Harold J. Kushner, G. George Yin |
| 250 | |a 2nd ed. | ||
| 264 | 1 | |a New York |b Springer |c 2003 | |
| 300 | |a xxii, 474 s. | ||
| 490 | 1 | |a Applications of mathematics |v 35 | |
| 830 | 0 | |a Applications of mathematics |v 35 | |
| 610 | 2 | 0 | |a algoritmy |
| 610 | 2 | 0 | |a konvergencia |
| 610 | 2 | 0 | |a modely stochastické |
| 610 | 2 | 0 | |a modelovanie |
| 610 | 2 | 0 | |a pravdepodobnosť |
| 100 | 1 | |a Kushner, Harold J. | |
| 700 | 1 | |a Yin, G. George | |